000 00338nam a2200133 i 4500
001 bg
100 1 _aNARASIMCHAN, R.
245 0 _aAnaliz na dejstivitelnych i kompleksnych mnogoobrazijach. /
_cR. Narasimchan.
260 _aMoskva,
_c1971.
040 _cBPK
041 _apol
942 _cKS
008 s pl f |000 0 pol
999 _c14057
_d14057
856 _uhttp://koha.tu.koszalin.pl/cgi-bin/koha/opac-detail.pl?biblionumber=14057
_yKatalog online BPK